000 00469nam a2200157 4500
001 110353
003 ES-MaACL
005 20230906185032.0
007 t|
008 061121s1922 mx r ||||1| spa d
100 1 _aOchoterena, Isaac.
_986499
245 1 0 _aLecciones de biología /
_cIsaac Ochoterena.
260 _aMéxico :
_bDepartamento Editorial de la Secretaría de Educación,
_c1922.
300 _aVII, 221 p. :
_bil. ;
_c20 cm.
852 _aES-MaACL
_jB-11979
999 _c110353
_d110353